Normal view
MARC view
- Kazimi, M. R.,
Entry Personal Name
001 - CONTROL NUMBER
- control field: 13110
003 - CONTROL NUMBER IDENTIFIER
- control field: NUST
005 - DATE AND TIME OF LATEST TRANSACTION
- control field: 20190122105407.0
008 - FIXED-LENGTH DATA ELEMENTS
- fixed length control field: 190122|| aca||aabn | a|a d
040 ## - CATALOGING SOURCE
- Original cataloging agency: NUST
- Transcribing agency: NUST
100 ## - HEADING--PERSONAL NAME
- Personal name: Kazimi, M. R.,
- Dates associated with a name: 1940-
670 ## - SOURCE DATA FOUND
- Source citation: Work cat.: (NUST)0: M.A. Jinnah views and reviews /, c2005.
